| 000 | 00667na a2200205 4500 | ||
|---|---|---|---|
| 999 |
_c9775 _d9775 |
||
| 001 | 23403 | ||
| 003 | MIRAKIL | ||
| 005 | 20200109144543.0 | ||
| 008 | 200109b tu ||||| |||| 00| 0 tur d | ||
| 020 | _a9786055513573 | ||
| 040 |
_aTR-AnCHP _btur _cTR-AnCHP |
||
| 041 | _atur | ||
| 082 |
_a307.3362095622645 _bK35 2013 |
||
| 245 |
_aKendi sesinden gülsuyu-gülensu/ _cHazırlayanlar Erdoğan Yıldız, Oda Projesi. |
||
| 260 |
_aAnkara: _bNotaBene Yayınları, _c2013. _fHermes tanıtım ofset |
||
| 300 |
_a552 s.: _bfotğ., _c19 sm. |
||
| 504 | _aKaynakça vardır. | ||
| 651 | 0 |
_96190 _aGülsuyu Mahallesi, Maltepe, İstanbul (Türkiye) _xSöyleşi |
|
| 942 |
_2ddc _cBKS |
||